Modelos de autoevaluación institucional implementados en las universidades de Nicaragua miembros del Consejo Nacional de Universidades
| Main Author: | |
|---|---|
| Format: | Section = Libro |
| Language: | Undetermined Spanish |
| Published: |
Managua
CNU
2009
|
| Subjects: |
| LEADER | 00706nam a2200205Ia 4500 | ||
|---|---|---|---|
| 008 | 240829s9999 xx 000 0 und d | ||
| 040 | |a BIBLIOTECA-RUSB/ Ref 379.158 N583 | ||
| 041 | |a spa | ||
| 082 | |a Ref 379.158 N583 | ||
| 100 | 1 | |a Nicaragua. Comisión de Evaluación y acreditación del CNU | |
| 245 | 1 | 0 | |a Modelos de autoevaluación institucional implementados en las universidades de Nicaragua miembros del Consejo Nacional de Universidades |
| 260 | |a Managua |b CNU |c 2009 | ||
| 300 | |a 114 p. :il. | ||
| 650 | 7 | |a EDUCACIÓN SUPERIOR | |
| 650 | 7 | |b EVALUACIÓN EDUCATIVA | |
| 650 | 7 | |c EVALUACIÓN CURRICULAR | |
| 650 | 7 | |d CALIDAD DE LA EDUCACIÓN | |
| 942 | |c BK |2 ddc | ||
| 991 | |a TEXTO | ||
| 999 | |c 5971 | ||